Análisis de la difusión y gestión de los servicios profesionales, enfocado desde los sistemas de información (Registro nro. 6000)

Detalles MARC
000 -LEADER
fixed length control field 01012 a2200241 4500
001 - CONTROL NUMBER
control field 56662
005 - DATE AND TIME OF LATEST TRANSACTION
control field 20260407155830.0
008 - FIXED-LENGTH DATA ELEMENTS--GENERAL INFORMATION
fixed length control field 260407a2022 arg spa d
003 - CONTROL NUMBER IDENTIFIER
control field AR-UNSa-BCEJYS
040 ## - CATALOGING SOURCE
Original cataloging agency AR-UNSa-BCEJYS
Language of cataloging spa
Transcribing agency AR-UNSa-BCEJYS
080 ## - UNIVERSAL DECIMAL CLASSIFICATION NUMBER
Universal Decimal Classification number 658.011.56
Common auxiliary subdivision Automatización
020 ## - INTERNATIONAL STANDARD BOOK NUMBER
International Standard Book Number 978-987-660-341-6
041 ## - LANGUAGE CODE
Language code of text/sound track or separate title spa
100 1# - MAIN ENTRY--PERSONAL NAME
Personal name Seijas, Elena
245 10 - TITLE STATEMENT
Title Análisis de la difusión y gestión de los servicios profesionales, enfocado desde los sistemas de información
264 #1 - PRODUCTION, PUBLICATION, DISTRIBUTION, MANUFACTURE, AND COPYRIGHT NOTICE
Place of production, publication, distribution, manufacture Buenos Aires :
Name of producer, publisher, distributor, manufacturer CPCECABA
Date of production, publication, distribution, manufacture, or copyright notice 2022
300 ## - PHYSICAL DESCRIPTION
Extent 69 p.
Dimensions 21 cm.
505 ## - FORMATTED CONTENTS NOTE
Formatted contents note 1. Presente y corto plazo; 2. Comunicación, publicidad y virtualidad; 3. Competencias y conocimientos básicos; 4. Reflexiones sobre el contenido que generamos; 5. Software como aliado; 6. Observaciones y síntesis final
590 ## - LOCAL NOTE (RLIN)
Local note niveau_biblio:m niveau_hierar:0
700 1# - ADDED ENTRY--PERSONAL NAME
Personal name Maccaione, César
856 41 - ELECTRONIC LOCATION AND ACCESS
Uniform Resource Identifier <a href="https://biblioeco.unsa.edu.ar/pmb/images/libros/L128582.jpg">https://biblioeco.unsa.edu.ar/pmb/images/libros/L128582.jpg</a>
Link text Imagen de portada
Electronic format type image/jpeg
942 ## - ADDED ENTRY ELEMENTS (KOHA)
Koha item type
Existencias
Withdrawn status Lost status Damaged status Not for loan Home library Current library Shelving location Date acquired Total checkouts Full call number Barcode Date last seen Price effective from Koha item type
        Biblioteca Prof. Eusebio Cleto del Rey Biblioteca Prof. Eusebio Cleto del Rey   07/04/2026   658.011.56 S457 L128582 07/04/2026 07/04/2026 Libro